North American reference encyclopedia of ecology and pollution / (Record no. 158156)
[ view plain ]
| 000 -LEADER | |
|---|---|
| fixed length control field | 01063cam6a220031300 4500 |
| 001 - CONTROL NUMBER | |
| control field | lce00781042 |
| 005 - DATE AND TIME OF LATEST TRANSACTION | |
| control field | 20190826085825.0 |
| 008 - FIXED-LENGTH DATA ELEMENTS--GENERAL INFORMATION | |
| fixed length control field | 731206s1972 paua b 001 0 eng |
| 010 ## - LIBRARY OF CONGRESS CONTROL NUMBER | |
| LC control number | 72084736 //r902 |
| 020 ## - INTERNATIONAL STANDARD BOOK NUMBER | |
| International Standard Book Number | 0912920068 |
| 035 ## - SYSTEM CONTROL NUMBER | |
| System control number | (Sirsi) r59514 |
| 035 ## - SYSTEM CONTROL NUMBER | |
| System control number | (DLC) 72084736 //r902 |
| 035 ## - SYSTEM CONTROL NUMBER | |
| System control number | (UPRA)lce00781042 |
| 040 ## - CATALOGING SOURCE | |
| Original cataloging agency | DLC |
| Transcribing agency | DLC |
| Modifying agency | DLC |
| -- | ICU |
| -- | UPRA |
| 050 00 - LIBRARY OF CONGRESS CALL NUMBER | |
| Classification number | TD175 |
| Item number | .W55 |
| 082 00 - DEWEY DECIMAL CLASSIFICATION NUMBER | |
| Classification number | 301.31 |
| 100 1# - MAIN ENTRY--PERSONAL NAME | |
| Personal name | White, William, 1934- |
| Dates associated with a name | White, William, 1934- |
| Linkage | A18848.1 |
| 245 10 - TITLE STATEMENT | |
| Title | North American reference encyclopedia of ecology and pollution / |
| Statement of responsibility, etc. | editors: William White, Jr. and Frank J. Little, Jr. |
| 260 ## - PUBLICATION, DISTRIBUTION, ETC. | |
| Place of publication, distribution, etc. | Philadelphia : |
| Name of publisher, distributor, etc. | North American Pub. Co., |
| Date of publication, distribution, etc. | [c1972] |
| 440 #0 - SERIES STATEMENT/ADDED ENTRY--TITLE | |
| Title | North American reference library |
| Linkage | S3930.1 |
| 500 ## - GENERAL NOTE | |
| General note | On spine: 2. |
| 504 ## - BIBLIOGRAPHY, ETC. NOTE | |
| Bibliography, etc. note | Bibliography: p. 281-314. |
| 650 #0 - SUBJECT ADDED ENTRY--TOPICAL TERM | |
| Topical term or geographic name entry element | Pollution. |
| Linkage | S1061.1 |
| 650 #0 - SUBJECT ADDED ENTRY--TOPICAL TERM | |
| Topical term or geographic name entry element | Ecology. |
| Linkage | S803.1 |
| 700 1# - ADDED ENTRY--PERSONAL NAME | |
| Personal name | Little, Frank J. |
| Linkage | A18849.1 |
| 740 0# - ADDED ENTRY--UNCONTROLLED RELATED/ANALYTICAL TITLE | |
| Uncontrolled related/analytical title | Ecology and pollution. |
| 949 ## - LOCAL PROCESSING INFORMATION (OCLC) | |
| a | TD175 |
| w | lcc |
| i | 33729001890594 |
| m | MAIN |
| p | 2500 |
| t | BOOK |
| l | ON-SHELF |
No items available.